Jogos de matemática de 1º a 5º ano (Record no. 193184)

MARC details
000 -LÍDER
campo de controle de tamanho fixo 00370 a2200157 4500
001 - NÚMERO DE CONTROLE
campo de controle 193184
020 ## - ISBN - INTERNATIONAL STANDARD BOOK NUMBER
ISBN - International Standard Book Number 978-85-363-0703-9
040 ## - FONTE DA CATALOGAÇÃO
Instituição que transcreveu o registro Magnum
100 ## - ENTRADA PRINCIPAL--NOME PESSOAL
Nome pessoal Smole, Katia Stocco
240 10 - TÍTULO UNIFORME
Título uniforme Jogos de matemática de 1º a 5º ano
Idioma da obra por
245 10 - TÍTULO
Título Jogos de matemática de 1º a 5º ano
300 ## - DESCRIÇÃO FÍSICA
Extensão 152
362 0# - DATAS DE PUBLICAÇÃO E/OU DESIGNAÇÃO SEQUENCIAL
Datas de publicação e/ou designação sequencial 2007
697 ## - ENTRADA DE ASSUNTO LOCAL--ENTIDADE COLETIVA (RLIN)
Nome corporativo ou nome da jurisdição MATEMÁTICA
942 ## - ELEMENTOS DE ENTRADA ADICIONADOS (KOHA)
Tipo de material Koha Livros
Holdings
Situação do descarte Situação das perdas Situação física Não pode ser emprestado Biblioteca de origem Biblioteca atual Data de aquisição Total de empréstimos Número de chamada completo Código de barras Data de último acesso Data do preço efetivo Tipo de material Koha
        Magnum Magnum 08/06/2024   4.41 MAG00072187 08/06/2024 08/06/2024 Livros
        Magnum Magnum 08/06/2024   4.41 MAG00073219 08/06/2024 08/06/2024 Livros
        Magnum Magnum 08/06/2024   4.41 MAG00073220 08/06/2024 08/06/2024 Livros